000 00627nam a2200193Ia 4500
003 GCL
008 140319s9999 xx 000 0 ara d
040 _aGCL /
_cGCL
082 0 4 _a953.04
_bا ط
100 1 _aابراهيم سلمان الكردى
245 1 0 _aطبقات مجتمع بغداد فى العصر العباسى الاول /
_cابراهيم سلمان الكردى
260 _a[S.N] :
_bمؤسسة شباب الجامعة ،
_c1989
300 _a123 ص
490 _a
650 0 4 _aالتاريخ الاسلامى
650 0 4 _aالدولة العباسية
650 0 4 _aبغداد
942 _2ddc
_cBK
999 _c32088
_d32088